| 000 | 00767nam a2200265 u 4500 | ||
|---|---|---|---|
| 001 | 000059224 | ||
| 005 | 20200120223855.0 | ||
| 008 | 130916s2006 sp er 000 0 spa d | ||
| 020 | _a8437608961 | ||
| 082 | 0 | 4 | _221 |
| 090 |
_aAP _bPET _dCátedra |
||
| 100 | 1 | _aPetrarca, Francesco, 1304-1374 | |
| 245 | 1 | 0 |
_aCancionero / _cFrancesco Petrarca ; traducción de Jacobo Cortines. |
| 250 | _a5a. ed. | ||
| 260 |
_aMadrid : _bCátedra, _c2006. |
||
| 300 | _a543 p. | ||
| 500 | _aTexto en español e italiano | ||
| 534 |
_tCanzoniere _pTítulo original |
||
| 600 | 1 | 7 |
_aPtrarca Francesco, _d1304-1374 |
| 650 | 0 | 7 | _aPoesía italiana |
| 650 | _aLiteratura italiana | ||
| 650 | _aAutores italianos | ||
| 700 | 1 |
_aLara, Diego _edis. |
|
| 700 |
_aSimón Dionisio _eIl. |
||
| 999 |
_c7346 _d7346 |
||